|
|
|
|
| LEADER |
00831nam a2200229 a 4500 |
| 001 |
11903 |
| 003 |
BD-DhAAL |
| 008 |
090621s1993 ii b 001 0 eng d |
| 999 |
|
|
|c 1799
|d 1799
|
| 020 |
|
|
|a 007460404X
|
| 082 |
|
|
|a 658.83
|2 22
|
| 100 |
1 |
|
|a Beri, G. C.
|9 40176
|
| 245 |
1 |
0 |
|a Marketing research /
|c G.C. Beri.
|
| 250 |
|
|
|a Second edition
|
| 260 |
|
|
|a New Delhi :
|b Tata McGraw-Hill,
|c c1993.
|
| 300 |
|
|
|a x, 454 pages :
|c 25 cm.
|
| 504 |
|
|
|a Includes bibliographical references and index.
|
| 541 |
1 |
|
|e 00011903
|
| 650 |
0 |
|
|a Marketing research.
|9 40177
|
| 852 |
4 |
|
|a Ayesha Abed Library
|j General Stacks
|
| 942 |
|
|
|2 ddc
|c BK
|
| 952 |
|
|
|0 0
|1 0
|2 ddc
|4 0
|6 658_807200000000000_BER
|7 0
|9 1648
|a BRACUL
|b BRACUL
|c GEN
|d 2009-06-29
|g 179.00
|l 3
|m 7
|o 658.8072 BER
|p 3010011903
|q 2026-04-27
|r 2026-01-18
|s 2026-01-18
|t 1
|v 358.00
|w 2009-06-29
|y BK
|x RS-150.00
|